Biblioteca

Preaching hell in a tolerant age : (Registro nro. 68783)

Detalles MARC
000 -LÍDER
Campo fijo de descripción fija 00973nab a2200205 i 4500
001 - NÚMERO DE CONTROL
Campo de control 768714001
003 - IDENTIFICADOR DEL NÚMERO DE CONTROL
Campo de control CO-MdFUSB
005 - FECHA Y HORA DE LA ULTIMA TRANSACCIÓN
control field 20260316102458.0
008 - ELEMENTOS DE LONGITUD FIJA -- INFORMACIÓN GENERAL
Campo fijo de descripción fija -- Información general 230427s1997 -us||||| |||| 00| 0 eng d
040 ## - FUENTE DE CATALOGACIÓN
Idioma de catalogación eng
Agencia Catalogadora CO-MdFUSB
Agencia que realiza la transcripción CO-MdFUSB
Agencia que realiza la modificación CO-MdFUSB
041 ## - CÓDIGO DE IDIOMA
Código de idioma para texto/pista de sonido o título separado eng
100 1# - ASIENTO PRINCIPAL--NOMBRE PERSONAL
Nombre personal Keller, Timothy,
Fechas asociadas con el nombre 1950-
Término relacionador autor
245 ## - TÍTULO
Título Preaching hell in a tolerant age :
Subtitulo brimstone for the broad-minded
Mención de responsabilidad / Timothy Keller
300 ## - DESCRIPCIÓN FÍSICA
Extensión Volumen 18, número 4 (Fall 1997), páginas 42 - 48 ;
Dimensiones 27 cm
520 ## - NOTA DE RESUMEN, ETC.
Nota de sumario, etc. El hombre moderno, especialmente, rechaza la idea de un juicio final y el Infierno. Por lo cual, es una tentación evitar predicar estos tópicos en las predicaciones hoy en día. ¿Cómo, entonces, se puede enseñar el Infierno en una edad de tolerancia?
650 #7 - ASIENTO SECUNDARIO DE MATERIA - TERMINO TEMÁTICO
9 (RLIN) 213
Término temático o nombre geográfico como elemento de entrada Escatología
773 0# - ASIENTO DE ITEM FUENTE
Biblionumber 68780
Itemnumber 81930
Otro identificador del ítem R2460
Título Leadership :
Número de control del registro (CO-MdFUSB)768714001
Parte(s) relacionada(s) / Volumen., número. (mes año), páginas Volumen 18, número 4 (Fall 1997), páginas 42 - 48 ;
Enumeración y primera página página 42
942 ## - TIPO DE MATERIAL (KOHA)
Tipo de Item KOHA Artículos de Revista
945 ## - INFORMACIÓN LOCAL DEL REGISTRO
Catalogador JTF-925

No hay ítems disponibles.

Biblioteca FUSBC | Teléfono: (57+4) 349 88 10 Ext. 141| WhatsApp (+57) 3005338115 
E-mail: biblioteca@unisbc.edu.co | Calle 76 87-14 Robledo Palenque, Medellín, Colombia

Con tecnología Koha